000 01544nam0a2200301 4500
001 RU\NLR\bibl\1223945
005 20250615112321.0
010 _a978-5-699-25718-8
_930 000
021 _aRU
_b2008-19428
_91062
035 _a(nilc)EL/0000176555
035 _a(NLR Aleph) 001210271
090 _a73733
_c73733
100 _a20080226d2008 |||y0rusy50 ca
101 0 _arus
102 _aRU
105 _aa z |||||
200 1 _aНовые правила дорожного движения Российской Федерации, 2008
210 _aМосква
_cЭксмо
_d2008
215 _a112, [1] с.
_cцв. ил.
_d20
300 _aНа обл. также: Таблица штрафов. Кодекс об административных правонарушениях с изменениями, вступающими в силу с 1 января и 1 июля 2008 года. Уголовная ответственность водителей
606 1 _aПравила дорожного движения
_yРоссийская Федерация
_92301212
_3RU\NLR\auth\661377727
606 1 _aПравила дорожного движения
_xНарушения
_xАдминистративная ответственность
_yРоссийская Федерация
_92111454
_3RU\NLR\auth\661276031
686 _a39.808
_vLBC/РL
_2rubbk
801 0 _aRU
_bЦУНБ Москва
_c20080226
_grcr
801 1 _aRU
_bЦУНБ Москва
_c20080226
_2rusmarc
801 2 _aRU
_bNLR
_c20080508
_grcr
942 _cBOOK
980 _aNB